|
|
|
|
| LEADER |
00736nam a2200217Ia 4500 |
| 001 |
CTU_36878 |
| 008 |
210402s9999 xx 000 0 und d |
| 020 |
|
|
|b 16000
|
| 082 |
|
|
|a 428
|
| 082 |
|
|
|b S550
|
| 100 |
|
|
|a Lê, Văn Sự
|
| 245 |
|
0 |
|a Bài tập viết luận tiếng Anh trình độ A, B, C :
|
| 245 |
|
0 |
|b Luyện thi các chứng chỉ tiếng Anh
|
| 245 |
|
0 |
|c Lê Văn Sự (Biên soạn)
|
| 260 |
|
|
|a Đông Nai
|
| 260 |
|
|
|b Nhà xuất bản Đồng Nai
|
| 260 |
|
|
|c 1999
|
| 650 |
|
|
|a English language,English language,English language
|
| 650 |
|
|
|x Compositions and exercises,Study and teaching
|
| 904 |
|
|
|i Minh
|
| 980 |
|
|
|a Trung tâm Học liệu Trường Đại học Cần Thơ
|